Acan Developments Ltd (Record no. 60135)

MARC details
000 -LEADER
fixed length control field 00601cam a2200181 4500
001 - CONTROL NUMBER
control field T100526
008 - FIXED-LENGTH DATA ELEMENTS--GENERAL INFORMATION
fixed length control field 000000n1964 000 0 eng u
035 ## - SYSTEM CONTROL NUMBER
System control number (Sirsi) u100526
110 ## - MAIN ENTRY--CORPORATE NAME
Corporate name or jurisdiction name as entry element England and Wales
Subordinate unit Lands Tribunal
9 (RLIN) 1252
245 ## - TITLE STATEMENT
Title Acan Developments Ltd
260 ## - PUBLICATION, DISTRIBUTION, ETC.
Date of publication, distribution, etc. 1964
520 ## - SUMMARY, ETC.
Summary, etc. LP/15/1964 21 Aug 1964. Reported in 191 EG 979. Stored in off-site archive. Please ask Library for details
650 ## - SUBJECT ADDED ENTRY--TOPICAL TERM
Topical term or geographic name entry element ACAN DEVELOPMENTS LTD
650 ## - SUBJECT ADDED ENTRY--TOPICAL TERM
Topical term or geographic name entry element LAW OF PROPERTY ACT 1925 S84
650 ## - SUBJECT ADDED ENTRY--TOPICAL TERM
Topical term or geographic name entry element RESTRICTIVE COVENANTS
690 ## - LOCAL SUBJECT ADDED ENTRY--TOPICAL TERM (OCLC, RLIN)
Topical term or geographic name as entry element HIGHWAYS RIGHTS OF WAY AND EASEMENTS-CASE LAW
942 ## - ADDED ENTRY ELEMENTS (KOHA)
Suppress in OPAC 0
Holdings
Withdrawn status Lost status Source of classification or shelving scheme Damaged status Not for loan Home library Current library Shelving location Date acquired Total Checkouts Full call number Barcode Date last seen Copy number Price effective from Koha item type
    Dewey Decimal Classification     London London Basement 18/10/1999   ARCHIVE 30059520 06/08/2019 1 06/08/2019 Reference material